zpět

Detail výsledku týmu

Baarovka, České Budějovice

Datum a čas kvízu

23.5 Celkem bodů Celkový počet nahraných bodů na tomto kvízu bez doplňovacích otázek.
14. Pořadí na kvízu Konečné umístění týmu na tomto kvízu.

Zaznamenané odpovědi

# Otázka Odpověď Body Výsledky
1. Minulé úterý vyjel z Prahy jed... do Rumunska 0
2. Po tom rakouském se rozpadl da... Itálie 0
3. V beznadějně vyprodané O2 aren... Billie Eilish 1
4. V Praze byl téměř sedminásobně... 3-D tisk 0
5. Dvojnásobná olympijská vítězka... Jiří Stanislav Guth-Jarkovský 0
6. S menšími či většími oslími mů... 2014 Soči 0
7. První album zpěvačky Anety Lan... Spousta andělů 1
8. Které ministerstvo vedl v lete... C 1
9. Jednou z nejzajímavějších a ne... Svitavy 0
10. František Langer byl český spi... Velbloud, Obrácení 0